| 000 | 00807nam a2200193 a 4500 | ||
|---|---|---|---|
| 001 | 000026056 | ||
| 005 | 20200930024250.0 | ||
| 008 | 110228s1991 dr 000 0 spa d | ||
| 040 |
_aDO-SdBNP _bspa _cBNPHU |
||
| 082 |
_axxx _bR337g |
||
| 245 | 0 | 0 |
_aRegistro genealógico de ejemplares pura sangre de carrera en República Dominicana / _cDirectores de la edición Miguel A. Santana R., Luis E. Arcalá Vidal. |
| 260 |
_aSanto Domingo : _bStud Book Dominicano _fTaller _c1991. |
||
| 300 |
_av. ; _c25 cm. |
||
| 500 | _aLa biblioteca posee el volumen 1 | ||
| 505 | 1 | _aVol. 1 Arbol genealógico de sementales y madres pura sangre de carrera en la República Dominicana con sus productos desde 1948-1988. | |
| 700 | 1 |
_aSantana R., Miguel A. _952997 |
|
| 700 | 1 |
_aArcalá Vidal, Luis E. _952998 |
|
| 049 | _aBNPD | ||
| 999 |
_c25548 _d25548 |
||